| 000 | 00495nam a22001817a 4500 | ||
|---|---|---|---|
| 005 | 20250409165834.0 | ||
| 008 | 230817b |||||||| |||| 00| 0 eng d | ||
| 020 | _a978-81-312-0971-4 | ||
| 041 | _aeng | ||
| 082 | _a615.8 ROB-E | ||
| 100 |
_aROBERTSON, VAL ,AND WARD, ALEX , LAW, JOHN AND REED, ANN _98602 |
||
| 245 | _aELECTROTHERAPY EXPLAINED : PRINCIPLES AND PRACTICE | ||
| 250 | _a4TH, ED., 2006 | ||
| 260 |
_aHARYANA _bELSEVIER _c2006 |
||
| 300 | _a554;p | ||
| 650 | _aBPT | ||
| 942 | _cBK | ||
| 999 |
_c8377 _d8375 |
||